000 00656nam a2200205 i 4500
001 183410
003 ES-MaACL
005 20251122063142.0
008 140416s1913 it | |||| ||ita d
080 _a821.133.1-1"16"
100 1 _aMarino, Giambattista,
_d1569-1625
_9129502
245 1 0 _aPoesie varie /
_cGiambattista Marino ; a cura di Benedetto Croce.
260 _aBari :
_bGius. Laterza & Figli,
_c1913.
300 _a429 p. ;
_c22 cm.
490 1 _aScrittori d'Italia ;
_v51
700 1 _aCroce, Benedetto,
_d1866-1952
_9241508
830 0 0 _aScrittori d'Italia
_v51
_9191925
852 _aES-MaACL
_jG-3752
999 _c183410
_d183410